| 000 | 00883 a2200241 4500 | ||
|---|---|---|---|
| 005 | 20190724042936.0 | ||
| 008 | 190724s2018 sp ||||| |||| 00| 0 spa d | ||
| 020 | _a9788498797671 (3a.Ed.) | ||
| 040 |
_aCO-BoUCM _bspa _cSaul Niño _dSaul Niño |
||
| 041 | 1 | _aspa | |
| 245 | 1 | 0 |
_aKojiki _bcrónicas de antiguos hechos de Japón _cedición y traducción del japonés de Carlos Rubio y Rumi Tani Moratalla |
| 250 | _aTercera edición | ||
| 260 |
_aMadrid _bEditorial Trotta _c2018 |
||
| 300 | _a282 páginas | ||
| 490 | 0 | _aPliegos de Oriente | |
| 650 | 7 |
_919626 _aMitología |
|
| 651 |
_aJapón _xHistoria _yHasta 645 _997765 |
||
| 651 |
_aJapón _xReyes y soberanos _997766 |
||
| 700 | 1 | 0 |
_aRubio, Carlos _d1951- _etraductor _997767 |
| 700 | 1 | 0 |
_aTani Moratalla, Rumi _etraductor _997768 |
| 942 |
_cLIBRORESER _2DEWEY _a21 _e3 _h952.01 _mK798c |
||
| 999 |
_c313933 _d313933 |
||